Η αναμόρφωση της κοινής αγροτικής πολιτικής και η εφαρμογή ορισμένων νέων μέτρων διαρθρωτικού χαρακτήρα στην ελληνική γεωργία
Αποθηκεύτηκε σε:
| Κύριος συγγραφέας: | |
|---|---|
| Συγγραφή απο Οργανισμό/Αρχή: | |
| Άλλοι συγγραφείς: | |
| Μορφή: | Βιβλίο |
| Γλώσσα: | Greek |
| Δημοσίευση: |
Αθήνα :
Αγροτική Τράπεζα Ελλάδος,
1996
|
| Σειρά: | Μελέτες για την αγροτική οικονομία ;
; 49 |
| Θέματα: | |
| Ετικέτες: |
Προσθήκη ετικέτας
Δεν υπάρχουν, Καταχωρήστε ετικέτα πρώτοι!
|
MARC
| LEADER | 00000cam a2200000 i 4500 | ||
|---|---|---|---|
| 001 | 1/28245 | ||
| 008 | 960802s1996 gre d | ||
| 020 | |a 960-8405-28-9 | ||
| 035 | |l 10023004 | ||
| 040 | |a GR-MY-UA |b gre |e aacr | ||
| 041 | 0 | |a gre | |
| 082 | 0 | |a 338.109495 | |
| 100 | 1 | |a Χάρβεϋ, Ε. | |
| 110 | 2 | |a Αγροτική Τράπεζα της Ελλάδος. | |
| 245 | 1 | 2 | |a Η αναμόρφωση της κοινής αγροτικής πολιτικής και η εφαρμογή ορισμένων νέων μέτρων διαρθρωτικού χαρακτήρα στην ελληνική γεωργία / |c Αγροτική Τράπεζα Ελλάδος |
| 260 | |a Αθήνα : |b Αγροτική Τράπεζα Ελλάδος, |c 1996 | ||
| 300 | |a 254 σ. | ||
| 490 | 1 | |a Μελέτες για την αγροτική οικονομία |v ; 49 | |
| 650 | 0 | 0 | |a Agriculture |z Greece. |
| 650 | 0 | 0 | |a Agriculture |x Economic aspects |z Greece. |
| 700 | 1 | |a Harvey, E. | |
| 830 | 0 | |a Μελέτες για την αγροτική οικονομία ; |v ; 49 | |
| 852 | |a INST |b CHIOS |e 19960802 |h 338.109495 ΧΑΡ |p 005200008577 |q 005200008577 |t BK |y 0 | ||
| 909 | |a Χ |b 046610 | ||